<?xml version="1.0" encoding="UTF-8"?><?xml-stylesheet type="text/xsl" href="static/style.xsl"?><OAI-PMH xmlns="http://www.openarchives.org/OAI/2.0/" xmlns:xsi="http://www.w3.org/2001/XMLSchema-instance" xsi:schemaLocation="http://www.openarchives.org/OAI/2.0/ http://www.openarchives.org/OAI/2.0/OAI-PMH.xsd"><responseDate>2026-04-17T07:47:47Z</responseDate><request verb="GetRecord" identifier="oai:www.recercat.cat:10230/71297" metadataPrefix="marc">https://recercat.cat/oai/request</request><GetRecord><record><header><identifier>oai:recercat.cat:10230/71297</identifier><datestamp>2025-10-01T02:15:30Z</datestamp><setSpec>com_2072_6</setSpec><setSpec>col_2072_452952</setSpec></header><metadata><record xmlns="http://www.loc.gov/MARC21/slim" xmlns:dcterms="http://purl.org/dc/terms/" xmlns:xsi="http://www.w3.org/2001/XMLSchema-instance" xmlns:doc="http://www.lyncode.com/xoai" xsi:schemaLocation="http://www.loc.gov/MARC21/slim http://www.loc.gov/standards/marcxml/schema/MARC21slim.xsd">
   <leader>00925njm 22002777a 4500</leader>
   <datafield ind2=" " ind1=" " tag="042">
      <subfield code="a">dc</subfield>
   </datafield>
   <datafield ind2=" " ind1=" " tag="720">
      <subfield code="a">Arcarons, Albert F.</subfield>
      <subfield code="e">author</subfield>
   </datafield>
   <datafield ind2=" " ind1=" " tag="720">
      <subfield code="a">Lanau Sanchez, Alba</subfield>
      <subfield code="e">author</subfield>
   </datafield>
   <datafield ind2=" " ind1=" " tag="720">
      <subfield code="a">Marí-Klose, Pau</subfield>
      <subfield code="e">author</subfield>
   </datafield>
   <datafield ind2=" " ind1=" " tag="720">
      <subfield code="a">Muñoz-Comet, Jacobo</subfield>
      <subfield code="e">author</subfield>
   </datafield>
   <datafield ind2=" " ind1=" " tag="260">
      <subfield code="c">2025-09-30T06:22:46Z</subfield>
   </datafield>
   <datafield ind2=" " ind1=" " tag="260">
      <subfield code="c">2025-09-30T06:22:46Z</subfield>
   </datafield>
   <datafield ind2=" " ind1=" " tag="260">
      <subfield code="c">2025</subfield>
   </datafield>
   <datafield ind2=" " ind1=" " tag="520">
      <subfield code="a">Southern and Eastern European countries have historically had high child poverty rates. In the case of Spain, child poverty rates for migrant origin children, a growing population group, have remained among the highest across EU-27 countries in the last decades. Despite wide recognition among both researchers and policy makers of the scale of the problem, the factors explaining the poverty gap between migrant and native origin children remain under-researched. Applying the theoretical framework of ethnic penalties to the study of child poverty and using pooled data from the Spanish Survey on Income and Living Conditions, we explore the factors associated with the poverty penalty for three migrant origin groups of children–Ecuadorian, Moroccan, and Romanian– defined based on their parents’ country of birth. Decomposition analysis results show the poverty penalty to be highest for Moroccan origin children, followed by Romanian and Ecuadorian. Our models account for a large amount of the observed gross poverty penalties, particularly in the case of Ecuadorian origin children for whom we are able to explain it in full. The household labour market position and parental educational attainment emerge as key explanatory factors, although we do observe substantial differences in the relative weight of risk factors across groups. These findings have important policy implications and make the case for the incorporation of an understanding of migrant origin differences into the child poverty agenda.</subfield>
   </datafield>
   <datafield ind2=" " ind1=" " tag="520">
      <subfield code="a">We gratefully acknowledge funding for the research project MiCyclo, which aims to improve knowledge about the migration cycle in Spain, from the National Research Agency of the Ministry of Science, Innovation and Universities. Grant agreement: PID2020-114702RA-I00. We also thank the employees of the Spanish National Statistics Institute (INE) for their collaboration during the data request process and colleagues for their comments on previous versions of this article in the different conferences and seminars we have presented it.</subfield>
   </datafield>
   <datafield ind1="8" ind2=" " tag="024">
      <subfield code="a">http://hdl.handle.net/10230/71297</subfield>
   </datafield>
   <datafield tag="653" ind2=" " ind1=" ">
      <subfield code="a">Child poverty</subfield>
   </datafield>
   <datafield tag="653" ind2=" " ind1=" ">
      <subfield code="a">Migrant origin</subfield>
   </datafield>
   <datafield tag="653" ind2=" " ind1=" ">
      <subfield code="a">Risk factors</subfield>
   </datafield>
   <datafield tag="653" ind2=" " ind1=" ">
      <subfield code="a">Poverty penalty</subfield>
   </datafield>
   <datafield tag="653" ind2=" " ind1=" ">
      <subfield code="a">Decomposition analysis</subfield>
   </datafield>
   <datafield tag="653" ind2=" " ind1=" ">
      <subfield code="a">Spain</subfield>
   </datafield>
   <datafield ind2="0" ind1="0" tag="245">
      <subfield code="a">Migrant origin children and child poverty in Spain: a decomposition analysis</subfield>
   </datafield>
</record></metadata></record></GetRecord></OAI-PMH>